KVB 2025 - Linie 1 (alle Haltestellen) - Statistiken

Allgemein
  • Dieses Quiz wurde 27 mal gespielt
  • Das Durchschnittsergebnis liegt bei 21 aus 37
Antwortstatistiken
Hinweis Haltestelle % Korrekt
Westliche Endhaltestelle Weiden West
96%
Heumarkt
91%
Neumarkt
91%
Aachener Str./Gürtel
87%
Rudolfplatz
87%
Deutzer Freiheit
83%
RheinEnergieSTADION
83%
Weiden Zentrum
78%
Östliche Endhaltestelle Bensberg
74%
Melaten
74%
Clarenbachstift
70%
Junkersdorf
70%
Kalk Post
70%
Universitätsstr.
70%
Bf. Deutz/Messe
65%
Moltkestr.
65%
Kalk Kapelle
61%
Deutz Technische Hochschule
57%
Alter Militärring
52%
Brück Mauspfad
48%
Eupener Str.
48%
Merheim
48%
Maarweg
43%
Refrath
43%
Weiden Römergrab
43%
Bahnstr.
39%
Fuldaer Str.
39%
Kalker Friedhof
39%
Mohnweg
39%
Kölner Str.
35%
Lustheide
35%
Sportpark Höhenberg
35%
Frankenforst
30%
Flehbachstr.
26%
Im Hoppenkamp
26%
Kippekausen
26%
Neuenweg
26%
Keine übereinstimmenden Quizze gefunden
Verteilung der Resultate
Anzahl Personen mit jedem Resultat
Perzentil nach korrekt beantworteten Fragen
Ihre Resultats-Entwicklung
Sie haben dieses Quiz noch nicht gespielt